00466nam a2200193Ia 4500008004100000020001800041050001400059100001900073245002400092245003600116260001500152260001600167260000900183300001500192300002700207300001000234440002000244500000800264170918s9999 xx 000 0 und d a9780545609760 bB496 2014 aBerger, Melvin aUgly cute animals / cMelvin Berger and Gilda Berger. aNew York : bScholastic, c2014 a32 pages : bcolored illustration ; c23cm. aLevel 2 reader. a780